Interim common schedule of rates in metric units. (Record no. 86454)

MARC details
000 -LEADER
fixed length control field 01094cam a2200253 4500
001 - CONTROL NUMBER
control field sa 68015441
003 - CONTROL NUMBER IDENTIFIER
control field DLC
005 - DATE AND TIME OF LATEST TRANSACTION
control field 20260227112643.0
008 - FIXED-LENGTH DATA ELEMENTS--GENERAL INFORMATION
fixed length control field 700413m19651966ii 000 0 eng
010 ## - LIBRARY OF CONGRESS CONTROL NUMBER
LC control number sa 68015441
025 ## - OVERSEAS ACQUISITION NUMBER
Overseas acquisition number PL480:I-E-6908
040 ## - CATALOGING SOURCE
Original cataloging agency DLC
Transcribing agency DLC
Modifying agency DLC
050 00 - LIBRARY OF CONGRESS CALL NUMBER
Classification number TA104.P8
Item number A5 1965
110 1# - MAIN ENTRY--CORPORATE NAME
Corporate name or jurisdiction name as entry element Punjab, India (State).
Subordinate unit Buildings and Roads, Irrigation, Public Health Branches and Capital Project.
245 10 - TITLE STATEMENT
Title Interim common schedule of rates in metric units.
Statement of responsibility, etc. Issued by the chief engineer, P.W.D., Buildings and Roads Branch.
250 ## - EDITION STATEMENT
Edition statement 1st ed.
260 ## - PUBLICATION, DISTRIBUTION, ETC.
Place of publication, distribution, etc. Chandiragh,
Name of publisher, distributor, etc. Printed by the Controller of Print. and Stationery, Punjab,
Date of publication, distribution, etc. 1965-66.
300 ## - PHYSICAL DESCRIPTION
Extent 4 v. in 2.
Dimensions 33 cm.
500 ## - GENERAL NOTE
General note Cover title.
505 0# - FORMATTED CONTENTS NOTE
Formatted contents note v. 1. For works in plains.--v. 2. For works in hilly areas.--v. 3. For public works.--v. 4. Electric installation both for plains and hills.
650 #0 - SUBJECT ADDED ENTRY--TOPICAL TERM
Topical term or geographic name entry element Engineering
Geographic subdivision India
-- Punjab (State)
General subdivision Costs.
650 #0 - SUBJECT ADDED ENTRY--TOPICAL TERM
Topical term or geographic name entry element Public works
Geographic subdivision India
-- Punjab.
710 1# - ADDED ENTRY--CORPORATE NAME
Corporate name or jurisdiction name as entry element Punjab, India (State).
Subordinate unit Public Works Department.
-- Buildings and Roads Branch.

No items available.

Powered by Koha